[Event "Muensterland Regionalliga 1819"]
[Site "Germany"]
[Date "2018.09.29"]
[Round "2.8"]
[White "Jendrich, Manuel"]
[Black "Raue, Thorsten"]
[Result "1-0"]
[WhiteElo "1831"]
[BlackElo "1792"]
[PlyCount "111"]
[EventDate "2018.09.08"]
[EventType "team-tourn"]
[EventRounds "9"]
[EventCountry "GER"]
[SourceTitle "EXT 2020"]
[Source "ChessBase"]
[SourceDate "2019.10.17"]
[SourceVersion "1"]
[SourceVersionDate "2019.10.17"]
[SourceQuality "1"]
[WhiteTeam "Olfen"]
[BlackTeam "Steinfurt"]
[WhiteTeamCountry "GER"]
[BlackTeamCountry "GER"]

1. e4 Nc6 2. Nc3 Nf6 3. d4 d5 4. exd5 Nxd5 5. Nxd5 Qxd5 6. Be3 Bf5 7. c3 e6 8. Nf3 Be7 9. Be2 0-0 10. 0-0 Rad8 11. Qb3 b6 12. Qxd5 exd5 13. Bb5 Nb8 14. Bf4 Bd6 15. Bxd6 Rxd6 16. Rfe1 c6 17. Ba4 Be6 18. Re3 f6 19. Rae1 Kf7 20. Bc2 g6 21. h3 c5 22. Bb3 Nc6 23. dxc5 bxc5 24. Rxe6 Rxe6 25. Bxd5 Nd8 26. Kf1 Ke7 27. Bxe6 Nxe6 28. Nd2 Kd7 29. Nc4 Re8 30. g3 Kc7 31. h4 Kd7 32. Rd1+ Kc7 33. Rd6 Re7 34. f3 f5 35. Rd2 Kc6 36. Re2 Kd5 37. Ne3+ Kc6 38. Nc4 Kd5 39. b3 Kc6 40. Kf2 Kd5 41. f4 Kc6 42. Ne5+ Kc7 43. Nf3 h6 44. Re3 Kd6 45. Ne5 g5 46. hxg5 hxg5 47. Nc4+ Kd7 48. fxg5 Rg7 49. g6 f4 50. Rf3 fxg3+ 51. Rxg3 Nf8 52. Ke3 Ke7 53. Ke4 Ke6 54. Ne5 Kd6 55. Kf5 Ke7 56. Rd3 1-0

[Event "Muensterland Verbandsklasse-A 1112"]
[Site "Germany"]
[Date "2012.03.10"]
[Round "7.5"]
[White "Jendrich, Manuel"]
[Black "Pigulla, Dirk"]
[Result "1-0"]
[WhiteElo "1824"]
[BlackElo "1560"]
[PlyCount "57"]
[EventDate "2011.09.17"]
[EventType "team-tourn"]
[EventRounds "9"]
[EventCountry "GER"]
[SourceTitle "EXT 2013"]
[Source "ChessBase"]
[SourceDate "2012.11.22"]
[SourceVersion "1"]
[SourceVersionDate "2012.11.22"]
[SourceQuality "1"]
[WhiteTeam "Olfen"]
[BlackTeam "Ostbevern Westbevern II"]
[WhiteTeamCountry "GER"]
[BlackTeamCountry "GER"]

1. e4 d6 2. d4 Nf6 3. Nc3 g6 4. Nf3 Bg7 5. Bc4 0-0 6. 0-0 Nxe4 7. Nxe4 d5 8. Bd3 dxe4 9. Bxe4 c6 10. h3 Qc7 11. c3 Nd7 12. Re1 Re8 13. Qb3 e5 14. Ng5 Nf6 15. dxe5 Nxe4 16. Nxe4 Be6 17. Qb4 Bxe5 18. Bg5 a5 19. Qc5 Kg7 20. f4 Bxf4 21. Qd4+ Be5 22. Bf6+ Bxf6 23. Nxf6 Kh6 24. Re4 g5 25. Ng4+ Kh5 26. Qg7 Kh4 27. Nf6+ Kg3 28. Qxg5+ Bg4 29. Rxg4# 1-0

[Event "Muensterland Verbandsklasse-A 0910"]
[Site "Germany"]
[Date "2009.10.24"]
[Round "2.5"]
[White "Woltering, Martin"]
[Black "Jendrich, Manuel"]
[Result "0-1"]
[WhiteElo "1727"]
[BlackElo "1820"]
[PlyCount "98"]
[EventDate "2009.09.19"]
[EventType "team-tourn"]
[EventRounds "9"]
[EventCountry "GER"]
[SourceTitle "EXT 2011"]
[Source "ChessBase"]
[SourceDate "2010.11.26"]
[SourceVersion "1"]
[SourceVersionDate "2010.11.26"]
[SourceQuality "1"]
[WhiteTeam "Ahaus Wessum II"]
[BlackTeam "Olfen"]
[WhiteTeamCountry "GER"]
[BlackTeamCountry "GER"]

1. e4 e5 2. Bc4 Nc6 3. Nc3 Bc5 4. Nf3 d6 5. h3 Be6 6. Bxe6 fxe6 7. Na4 Bb4 8. c3 Ba5 9. b4 Bb6 10. 0-0 Nf6 11. Re1 0-0 12. d3 Qe8 13. Nxb6 axb6 14. Qb3 h6 15. Bd2 Qf7 16. d4 Nd7 17. d5 exd5 18. Qxd5 Qxd5 19. exd5 Ne7 20. c4 b5 21. cxb5 Nb6 22. a4 Rxa4 23. Rxa4 Nxa4 24. Nd4 Nxd5 25. Ne6 Re8 26. Nf4 Nxf4 27. Bxf4 Nc3 28. b6 Nd5 29. Be3 Nxe3 30. fxe3 cxb6 31. Rd1 Rd8 32. Rd5 Kf7 33. Kf2 Ke6 34. Rb5 Kd7 35. Rxb6 Kc7 36. Rb5 Ra8 37. Rd5 Ra2+ 38. Kf3 Kc6 39. e4 Rb2 40. Ra5 Rb3+ 41. Ke2 Rxb4 42. Ke3 Rb3+ 43. Ke2 h5 44. Ra8 h4 45. Rc8+ Kd7 46. Rg8 Rg3 47. Kf2 Kc7 48. Rf8 b5 49. Rh8 g5 0-1

[Event "Muensterland Verbandsliga 0607"]
[Site "Germany"]
[Date "2007.04.14"]
[Round "8.6"]
[White "Jendrich, Manuel"]
[Black "Roesner, Harald"]
[Result "0-1"]
[WhiteElo "1794"]
[BlackElo "1991"]
[PlyCount "118"]
[EventDate "2006.09.16"]
[EventType "team"]
[EventRounds "9"]
[EventCountry "GER"]
[SourceTitle "EXT 2008"]
[Source "ChessBase"]
[SourceDate "2007.11.25"]
[SourceVersion "1"]
[SourceVersionDate "2007.11.25"]
[SourceQuality "1"]
[WhiteTeam "Olfen"]
[BlackTeam "Neuenkirchen"]
[WhiteTeamCountry "GER"]
[BlackTeamCountry "GER"]

1. e4 e5 2. Nf3 Nc6 3. Bb5 Nf6 4. d3 d6 5. 0-0 Bd7 6. Nc3 Be7 7. Be3 0-0 8. Qd2 Ng4 9. Nd5 Nxe3 10. Qxe3 Re8 11. Nxe7+ Qxe7 12. Bc4 h6 13. a3 Be6 14. Bxe6 Qxe6 15. c3 d5 16. Qe2 Rad8 17. Rad1 d4 18. c4 Ne7 19. Nd2 Ng6 20. g3 Qh3 21. Qf3 Rd6 22. Qg2 Qd7 23. b3 Rf6 24. Kh1 Qg4 25. Rde1 h5 26. h3 Qd7 27. Kh2 h4 28. Rg1 hxg3+ 29. fxg3 Qe7 30. Ra1 Ra6 31. b4 Qg5 32. Rgf1 Rf6 33. Rxf6 Qxf6 34. Rf1 Qa6 35. Qf2 Re7 36. Nb1 Qe6 37. Qf5 Nf8 38. Qxe6 Rxe6 39. Kg2 Nd7 40. Rf2 Nf6 41. Rf5 Nd7 42. Rf2 Nb6 43. Ra2 Na4 44. Rc2 c5 45. Nd2 cxb4 46. axb4 Rb6 47. Nf3 f6 48. b5 Nc5 49. Rd2 a6 50. bxa6 bxa6 51. Kf2 a5 52. Ke2 a4 53. Ra2 Rb3 54. Ne1 Kf7 55. g4 Ke6 56. h4 g6 57. g5 f5 58. exf5+ Kxf5 59. Ng2 a3 0-1

[Event "Muensterland Verbandsliga 0607"]
[Site "Germany"]
[Date "2007.02.24"]
[Round "6.7"]
[White "Wetter, Ralf"]
[Black "Jendrich, Manuel"]
[Result "1-0"]
[WhiteElo "1956"]
[BlackElo "1794"]
[PlyCount "41"]
[EventDate "2006.09.16"]
[EventType "team"]
[EventRounds "9"]
[EventCountry "GER"]
[SourceTitle "EXT 2008"]
[Source "ChessBase"]
[SourceDate "2007.11.25"]
[SourceVersion "1"]
[SourceVersionDate "2007.11.25"]
[SourceQuality "1"]
[WhiteTeam "Heiden"]
[BlackTeam "Olfen"]
[WhiteTeamCountry "GER"]
[BlackTeamCountry "GER"]

1. Nf3 e6 2. g3 d5 3. Bg2 Nf6 4. 0-0 Be7 5. d3 0-0 6. Nbd2 Nc6 7. e4 dxe4 8. dxe4 e5 9. h3 Be6 10. Nh4 Qc8 11. Kh2 Rd8 12. c3 Ne8 13. Nhf3 Nd6 14. Qe2 a5 15. a4 Rb8 16. Ne1 f5 17. exf5 Nxf5 18. Nc2 Bd6 19. Ne4 Nfe7 20. Ng5 Bf5 21. Qc4+ 1-0

[Event "Muensterland Verbandsliga 0607"]
[Site "Germany"]
[Date "2006.10.28"]
[Round "2.8"]
[White "Schlattmann, Martin"]
[Black "Jendrich, Manuel"]
[Result "1-0"]
[WhiteElo "1765"]
[BlackElo "1794"]
[PlyCount "49"]
[EventDate "2006.09.16"]
[EventType "team"]
[EventRounds "9"]
[EventCountry "GER"]
[SourceTitle "EXT 2008"]
[Source "ChessBase"]
[SourceDate "2007.11.25"]
[SourceVersion "1"]
[SourceVersionDate "2007.11.25"]
[SourceQuality "1"]
[WhiteTeam "Stadtlohn"]
[BlackTeam "Olfen"]
[WhiteTeamCountry "GER"]
[BlackTeamCountry "GER"]

1. d4 e6 2. c4 c5 3. Nf3 Nf6 4. Nc3 b6 5. Bf4 Be7 6. Nb5 Na6 7. d5 exd5 8. cxd5 d6 9. e4 0-0 10. Nc3 Nc7 11. Bd3 Re8 12. 0-0 Ba6 13. Bxa6 Nxa6 14. Re1 Nh5 15. Bc1 Nf6 16. a4 Nd7 17. Bf4 Nf8 18. Nd2 Ng6 19. Bg3 Bh4 20. Nc4 Bxg3 21. hxg3 Nc7 22. f4 f6 23. Nb5 Nxb5 24. axb5 Ne7 25. f5 1-0

[Event "Muensterland Verbandsliga 0607"]
[Site "Germany"]
[Date "2006.09.16"]
[Round "1.7"]
[White "Hiller, Simon"]
[Black "Jendrich, Manuel"]
[Result "1-0"]
[WhiteElo "1958"]
[BlackElo "1794"]
[PlyCount "86"]
[EventDate "2006.09.16"]
[EventType "team"]
[EventRounds "9"]
[EventCountry "GER"]
[SourceTitle "EXT 2008"]
[Source "ChessBase"]
[SourceDate "2007.11.25"]
[SourceVersion "1"]
[SourceVersionDate "2007.11.25"]
[SourceQuality "1"]
[WhiteTeam "Saerbeck"]
[BlackTeam "Olfen"]
[WhiteTeamCountry "GER"]
[BlackTeamCountry "GER"]

1. e4 e5 2. Nf3 Nc6 3. d4 exd4 4. Nxd4 Nxd4 5. Qxd4 Qf6 6. Qc4 Qe6 7. Bf4 Qxc4 8. Bxc4 d6 9. Nc3 Be6 10. Nd5 0-0-0 11. 0-0-0 Ne7 12. Bg5 Re8 13. f4 Bxd5 14. exd5 Nf5 15. Bb5 Re3 16. Rhe1 Rxe1 17. Rxe1 c6 18. Bd3 g6 19. Bxf5+ gxf5 20. Bf6 Rg8 21. Re8+ Kd7 22. Rd8+ Kc7 23. Be7 Rxg2 24. Rxf8 Rxh2 25. Rxf7 h5 26. Rxf5 h4 27. Rh5 h3 28. dxc6 Re2 29. Rh7 Kxc6 30. Bh4 Rg2 31. Be1 h2 32. Kd1 Kd5 33. f5 Ke5 34. Rxh2 Rxh2 35. Bg3+ Kxf5 36. Bxh2 Ke6 37. Kd2 Kd5 38. Kd3 Kc6 39. Kc4 b6 40. b4 d5+ 41. Kd4 Kb5 42. Bd6 Ka4 43. Kxd5 Ka3 1-0